| 000 | 01094nam0a22003131 4500 | ||
|---|---|---|---|
| 001 | RU\NLR\INFOCOMM_161\5000064859 | ||
| 005 | 20250613092903.0 | ||
| 035 | _a(NLR Aleph) 009185178 | ||
| 090 |
_a8596248 _c8596248 |
||
| 100 | _a20100322d1977 |||y0rusy50 ca | ||
| 101 | 1 |
_aeng _crus |
|
| 102 | _aRU | ||
| 105 | _ay ||||000|y | ||
| 200 | 1 |
_aCaught in the act _e[Transl. from the Russ.] _fV. Kassis, L. Kolosov, M. Mikhailov, B. Pilyatskin |
|
| 210 |
_aΜ. _cProgress _d1977 |
||
| 215 |
_a240 с. _d17 см |
||
| 300 | _aВ вып. дан.: В. Кассис [и др.] | ||
| 517 | 1 | _aПойманы с поличным | |
| 606 |
_aШпионаж, разведка и диверсия империалистические в социалистических странах _2nlr_sh1 |
||
| 686 |
_aТ3(0)637-499 _2rubbk |
||
| 701 | 1 |
_aKassis _bV. B. _gVadim Borisovič _4070 |
|
| 701 | 1 |
_aKolosov _bL. _4070 |
|
| 701 | 1 |
_aMikhailov _bM. _4070 |
|
| 701 | 1 |
_aPilyatskin _bB. _4070 |
|
| 801 | 1 |
_aRU _bNLR _c20100322 |
|
| 801 | 0 |
_aRU _bNLR _gPSBO |
|
| 852 |
_aNLR _jИ25 Д-1/160 |
||
| 942 | _cBOOK | ||
| 980 | _aNB | ||